Шифртелеграмма первого секретаря Крымского обкома ВКП(б) В. С. Булатова секретарю ЦК ВКП(б) А. А. Андрееву с просьбой дать указа...

RUSMARC
00004741cbm0a2200289#x 450
0017e7e7d1a-54db-4b10-8024-3e8028086eda
00520240424112917.0
100##$a20240424j19430922k###0rusy50 ca
1010#$arus
102##$aRU
1220#$ad19430922##
2001#$aШифртелеграмма первого секретаря Крымского обкома ВКП(б) В. С. Булатова секретарю ЦК ВКП(б) А. А. Андрееву с просьбой дать указание обкомам ВКП(б) командировать в распоряжение партийной организации Крымской АССР секретарей горкомов, райкомов, заведующих отделами пропаганды и председателей исполкомов согласно установленному плану комплектования партийными кадрами
$j22 сентября 1943 г.
251##$cДокумент
300##$aПодлинник
461#0$12001
$aФ. 17
$1251
$cФонд
$1852
$j17
462#0$12001
$aОп. 168
$1251
$cОпись
$1852
$j168
462#0$12001
$aД. 220
$vЛ. 43
$1251
$cДело
$1852
$j220
605##$2prlib_sh
$3LIBNET\UAF\0000088514
$aВторая мировая война в архивных документах (Комплекс оцифрованных архивных документов, кино- и фотоматериалов)
$lколлекция
6061#$2nlr_sh
$3RU\NLR\AUTH\66180648
$aВеликая Отечественная война
$z1941 - 1945
$xПартизанское движение
$yКрым
$jДокументы и материалы
607##$2nlr_sh
$3RU\NLR\AUTH\661372438
$aСССР
$xПолитика и управление
$z1941 - 1945
$jДокументы и материалы
686##$a63.3(2)622,5ю1
$vLBC/M
$2rubbk
686##$a63.3(2)622,12ю1
$vLBC/M
$2rubbk
801#0$aRU
$bПБ им. Б.Н. Ельцина
$c20240424
801#1$aRU
$bПБ им. Б.Н. Ельцина
$c20240424
$2rusmarc
801#2$aRU
$bПБ им. Б.Н. Ельцина
$c20240424
$2rusmarc
850##$aРоссийский государственный архив социально-политической истории
852##$aРГАСПИ
$jЛ. 43
035##$aLIBNET\0001396291
937##$d191907742
$hФедеральное архивное агентство
8564#$uhttp://readingroom.main.prlib.ru/item.aspx?id_node=n191907742&mode=full
Формат отображения